01664nam a2200337 i 4500001001000000003000900010005001700019007000300036008004100039040003000080041000800110082002500118100006700143245008900210250002300299264006800322300002800390336002700418337003300445338002800478490002900506590002600535650002900561650003100590910003700621942001400658952014700672952023000819952026001049999001701309000027078DO-SdBNP20250218134212.0ta110329s1978 dr 000 j spa d aDO-SdBNPbspacBNPHUerda aspa 4aRD863.44bC322ta2221 aCartagena Portalatín, Aída,d1918-1994923557eautor4aut.10aTablero :bde lo popular a lo culto (doce cuentos) /cAída Cartagena Portalatín. aPrimera edición  1aSanto Domingo, República Dominicana :bEditora Taller,c1978. a105 páginas ;c21 cm. atextobtxt2rdacontent asin mediaciónbn2rdamedia avolumenbnc2rdacarrier0 aBiblioteca Taller ;v109 aInventariado, 2020/LP 4aCuentos dominicanos9176 4aLiteratura dominicana.967 aValidado. Control de calidad EMS 2ddccLBS1 00102ddc51708PDaBNPHUbBNPHUcHDd1984-11-06eObsequiol0oBNPHU PD RD863.44 C322tap27078-10r2020-06-25w2020-06-25yLBS1ZNo se presta 00102ddc51708PDaBNPHUbBNPHUcHDd2013-10-01eDonado por Erick Landestoyl0oBNPHU PD RD863.44 C322tap27078-20r2020-06-25te. 2w2020-06-25yLBS1zPerteneció a la biblioteca personal de Erick Landestoy.ZNo se presta 00102ddc56708DSaBNPHUbBNPHUcHDd2023-12-01eDonado por la Presidencia de la República Dominicana 2023l0oBNPHU DS RD863.44 C322tap2025-0924r2025-02-11te. 3w2025-02-11yLBS1zPerteneció a la biblioteca personal de René Rodríguez Soriano c26570d26570